CCNA 3.0 Training Edition : (Record no. 14254)
[ view plain ]
| 000 -LEADER | |
|---|---|
| fixed length control field | 00592nam a2200181 a 4500 |
| 003 - CONTROL NUMBER IDENTIFIER | |
| control field | PILC |
| 005 - DATE AND TIME OF LATEST TRANSACTION | |
| control field | 20150112093428.0 |
| 008 - FIXED-LENGTH DATA ELEMENTS--GENERAL INFORMATION | |
| fixed length control field | 100712s19uu xx 00 eng d |
| 020 ## - INTERNATIONAL STANDARD BOOK NUMBER | |
| International Standard Book Number | 9781587131264 |
| 050 ## - LIBRARY OF CONGRESS CALL NUMBER | |
| Classification number | TK 5105.8.C57 |
| Item number | .C579 2003 |
| 082 ## - DEWEY DECIMAL CLASSIFICATION NUMBER | |
| Classification number | CSF 004.6 |
| Item number | C49 2003 |
| 100 ## - MAIN ENTRY--PERSONAL NAME | |
| Personal name | Cisco Press |
| 9 (RLIN) | 5583 |
| 245 ## - TITLE STATEMENT | |
| Title | CCNA 3.0 Training Edition : |
| Remainder of title | Cisco Networking Academy Program / |
| Statement of responsibility, etc | Cisco Press |
| 260 ## - PUBLICATION, DISTRIBUTION, ETC. (IMPRINT) | |
| Place of publication, distribution, etc | Indianapolis, Indiana : |
| Name of publisher, distributor, etc | Cisco Press, |
| Date of publication, distribution, etc | 2003. |
| 300 ## - PHYSICAL DESCRIPTION | |
| Extent | 339 pages : |
| Other physical details | illustration ; |
| Dimensions | 24 cm. |
| 650 ## - SUBJECT ADDED ENTRY--TOPICAL TERM | |
| Topical term or geographic name as entry element | Cisco-computer networks |
| General subdivision | Computer networks |
| 9 (RLIN) | 5584 |
| 942 ## - ADDED ENTRY ELEMENTS (KOHA) | |
| Source of classification or shelving scheme | Library of Congress Classification |
| Koha item type | Books |
| Withdrawn status | Lost status | Source of classification or shelving scheme | Damaged status | Home library | Current library | Shelving location | Date acquired | Total Checkouts | Total Renewals | Full call number | Barcode | Date last seen | Date checked out | Copy number | Price effective from | Koha item type |
|---|---|---|---|---|---|---|---|---|---|---|---|---|---|---|---|---|
| Library of Congress Classification | Southville International School Affiliated with Foreign Universities Library | Southville International School Affiliated with Foreign Universities Library | Southville Foreign University Section | 07/29/2013 | 2 | 4 | TK 5105.8.C57 .C579 2003 | SFU0060 | 06/23/2018 | 05/15/2018 | 1 | 07/29/2013 | Books |